| 000 | 00811nam a2200205Ia 4500 | ||
|---|---|---|---|
| 003 | 0 | ||
| 005 | 20250116104258.0 | ||
| 008 | 161205s9999 xx 000 0 und d | ||
| 050 |
_aPHS LB 1620.53 _b.On58 2015 |
||
| 100 | _aOng, Arielle Sabella K. | ||
| 245 |
_aRomantic relationships and academic motivational levels of grade 11 Southville students _cArielle Sabella K. Ong |
||
| 260 |
_aLas PiƱas, Philippines : _bSouthville International School and Colleges, _c2015. |
||
| 300 |
_aiii, 28 p. : _bill. ; _c28 cm. |
||
| 504 | _aIncludes bibliographical references. | ||
| 650 |
_aAcademic achievement _vMotivational aspects. |
||
| 650 |
_aRomantic relationships _vAdolescents. |
||
| 650 |
_aInterpersonal relations _vPsychological aspects. |
||
| 650 |
_aHigh school students _vPsychology. |
||
| 942 |
_2lcc _cPASS |
||
| 999 |
_c305308 _d305308 |
||